|
|
|
|
| LEADER |
00000cam a2200000 7i4500 |
| 001 |
0000001630 |
| 002 |
000001778 |
| 005 |
20000330.0 |
| 020 |
|
|
|a 0862726972
|
| 090 |
0 |
0 |
|a 503.21
|b KIN
|
| 245 |
0 |
4 |
|a The Kingfisher science encyclopedia
|c general editor by Catherine Headlam
|
| 260 |
|
|
|a London :
|b Kingfisher Books ,
|c 1993
|
| 300 |
|
|
|a 768 p. :
|b ill. ;
|c 26 cm.
|
| 650 |
0 |
0 |
|a Science
|x Encyclopedias
|
| 650 |
0 |
0 |
|a Science
|x Encyclopedias and dictionaries
|
| 700 |
1 |
|
|a Headlam, Catherine
|
| 999 |
|
|
|a 025026
|b BUKU
|c PINJAMAN
|e PERPUSTAKAAN KOMUNITI PETALING JAYA
|
| 999 |
|
|
|a 034542
|b BUKU
|c JUNIOR REFERENCE
|e PERPUSTAKAAN KOMUNITI PETALING JAYA
|